|
|
|
|
| LEADER |
00000nam0a2200000 4500 |
| 001 |
156503 |
| 005 |
20231031153219.0 |
| 035 |
|
|
|a (RuTPU)RU\TPU\book\169744
|
| 035 |
|
|
|a RU\TPU\book\34869
|
| 090 |
|
|
|a 156503
|
| 100 |
|
|
|a 20090328d1965 m y0rusy50 ca
|
| 101 |
0 |
|
|a rus
|
| 102 |
|
|
|a RU
|
| 105 |
|
|
|a a j 000zy
|
| 200 |
1 |
|
|a Основы геоэлектрики
|e учебное пособие
|f А. П. Краев
|
| 205 |
|
|
|a 2-е изд., испр. и доп.
|
| 210 |
|
|
|a Ленинград
|c Недра
|d 1965
|
| 215 |
|
|
|a 587 с.
|
| 610 |
1 |
|
|a электроразведка
|
| 610 |
1 |
|
|a электромагнитные поля Земли
|
| 610 |
1 |
|
|a постоянные активные поля
|
| 610 |
1 |
|
|a переменные активные поля
|
| 610 |
1 |
|
|a нормальные поля
|
| 610 |
1 |
|
|a электромагнитный каротаж
|
| 610 |
1 |
|
|a учебные пособия
|
| 675 |
|
|
|a 550.3
|v 3
|
| 700 |
|
1 |
|a Краев
|b А. П.
|g Александр Павлович
|
| 801 |
|
0 |
|a RU
|b 63413507
|c 20011210
|g PSBO
|
| 801 |
|
2 |
|a RU
|b 63413507
|c 20220517
|g PSBO
|
| 900 |
|
|
|a Электроразведка
|
| 942 |
|
|
|c BK
|